Ciclo económico forestal : manuales de producción de plantas forestales en contenedores /

Documento del Programa de Desarrollo Forestal de Jalisco (PRODEFO) que expone las prácticas de producción de plantas en viveros que logran mejor porcentaje de prendimiento y desarrollo inicial. Incluye normas generales y viveros que usan esta técnica.

Guardado en:
Bibliografiske detaljer
Andre forfattere: Toral Ibáñez, Manuel A. (autor) (autor)
Format: Bog
Sprog:spansk
Serier:(Documento Técnico ; 25)
Fag:
Tags: Tilføj Tag
Ingen Tags, Vær først til at tagge denne postø!

MARC

LEADER 00000nam^a2200000^a^4500
001 000121506
005 20250521000000.0
009 20260310094430.747
037 |a Acervo ITESO - Biblioteca 
041 |a ESP 
082 |a 338. 17498097235  |b CIC 2000 V. 3 
240 1 1 |a [Ciclo económico forestal] 
245 1 0 |a Ciclo económico forestal :  |b manuales de producción de plantas forestales en contenedores /  |c M.A. Toral Ibáñez... [et al.]. 
264 |a Guadalajara, México :  |b Gobierno del Estado de Jalisco, Programa de Desarrollo Forestal,  |c 2000 
300 |a 219 p. 
336 |a texto  |b txt  |2 rdacontenido 
337 |a sin mediación  |b n  |2 rdamedio 
338 |a volumen  |b nc  |2 rdasoporte 
440 1 |a (Documento Técnico ;  |v 25) 
520 |a Documento del Programa de Desarrollo Forestal de Jalisco (PRODEFO) que expone las prácticas de producción de plantas en viveros que logran mejor porcentaje de prendimiento y desarrollo inicial. Incluye normas generales y viveros que usan esta técnica. 
649 |a XX 
650 |a Plagas 
650 |a Pinos 
650 |a Viveros 
650 |a Bosques -  |z Jalisco 
650 |a Bosques -  |z México 
650 |a Programas Gubernamentales -  |z Jalisco 
650 |a Economía -  |z Jalisco 
700 |a Toral Ibáñez, Manuel A.  |e (autor) 
910 |a Fondo General 
920 |a Impresos - Libros 
930 |a Colección General 
905 |a 101 
901 |a 0500056052  |b IT1  |c ACC  |u 20250521 
902 |a https://opac.biblio.iteso.mx/vufind/Record/000121506